000 00425nam a22001457a 4500
008 211020b |||||||| |||| 00| 0 eng d
082 _a790.2 PAT
245 _aAnsaras
_ball the visual matters
_hA journal of Performing and Visual Arts Autumn 2010
260 _a NA :
_bNiyogi Books,
_c2010.
300 _a126 p.
_c24 cm.
650 _aPerforming Arts
700 _aPathy, Dinanth
700 _aRath Kumar Bijay
942 _2ddc
999 _c8906
_d8907